[Event "FRA Top 16 Higher Pool U16"]
[Site "France"]
[Date "2022.06.05"]
[Round "3.6"]
[White "Martin, Nils"]
[Black "Sabapathee, Florian"]
[Result "1-0"]
[WhiteElo "1866"]
[BlackElo "1669"]
[PlyCount "147"]
[EventDate "2022.06.04"]
[EventType "tourn"]
[EventRounds "4"]
[EventCountry "FRA"]
[SourceTitle "EXT 2023"]
[Source "ChessBase"]
[SourceDate "2022.10.05"]
[SourceVersion "1"]
[SourceVersionDate "2022.10.05"]
[SourceQuality "1"]

1. e4 c5 2. Nf3 e6 3. Nc3 Nc6 4. Bb5 Nge7 5. 0-0 g6 6. Re1 Bg7 7. Bxc6 Nxc6 8. e5 d6 9. exd6 Qxd6 10. Ne4 Qe7 11. d3 h6 12. Bf4 e5 13. Nc3 0-0 14. h3 a6 15. Bh2 Re8 16. a4 b6 17. Nd5 Qd8 18. Ne3 Bb7 19. Nc4 Qc7 20. Qd2 b5 21. Na3 Qb6 22. Rab1 Rad8 23. Qe3 Nb4 24. Nd2 Nd5 25. Qe2 Qc6 26. Qf1 Nf4 27. Bxf4 exf4 28. axb5 axb5 29. Nf3 Bc8 30. Rxe8+ Rxe8 31. Qd1 Bf5 32. Kh2 c4 33. dxc4 b4 34. Nb5 b3 35. cxb3 Bxb1 36. Qxb1 Qc5 37. Qc2 Rb8 38. Qe2 Kh7 39. Qd2 Qf5 40. Qd6 Re8 41. Nbd4 Qe4 42. b4 Qe7 43. Qxf4 Qxb4 44. Qxf7 Qd6+ 45. g3 Rf8 46. Qa7 Kh8 47. Kg2 Rc8 48. b3 Rd8 49. Nb5 Qd3 50. Qb6 Rf8 51. Qc6 Qxb3 52. Nh4 Rf6 53. Qe4 Kh7 54. Nc7 Qb8 55. Ne8 Rb6 56. Nxg7 Kxg7 57. Nf3 Qb7 58. Qe5+ Rf6 59. Qc3 Kf7 60. c5 Qc6 61. g4 g5 62. Kg3 Qc7+ 63. Kg2 Qc6 64. Qe3 Qd5 65. Kg3 Re6 66. Qc3 Rf6 67. c6 Qd6+ 68. Kg2 Qc7 69. Nd4 Qd6 70. c7 Qd5+ 71. f3 Qa2+ 72. Nc2 Qa6 73. c8Q Qe2+ 74. Kg1 1-0

[Event "FRA-ch Blitz Online Qual"]
[Site "Europe Echecs INT"]
[Date "2020.05.16"]
[Round "11"]
[White "Sabapathee, Florian"]
[Black "Afraoui, Anaelle"]
[Result "1-0"]
[WhiteElo "1444"]
[BlackElo "2120"]
[PlyCount "63"]
[EventDate "2020.05.16"]
[EventType "swiss (blitz)"]
[EventRounds "15"]
[EventCountry "FRA"]
[SourceTitle "CBM 196 Extra"]
[Source "ChessBase"]
[SourceDate "2020.07.31"]
[SourceVersion "1"]
[SourceVersionDate "2020.07.31"]
[SourceQuality "1"]

1. e4 d6 2. d4 Nf6 3. Nc3 g6 4. f4 Bg7 5. Nf3 0-0 6. Bc4 Nbd7 7. 0-0 e5 8. Nd5 Nxe4 9. Qd3 Nef6 10. dxe5 dxe5 11. fxe5 Nxd5 12. Bxd5 Qe7 13. Bg5 Qe8 14. e6 fxe6 15. Rfe1 Nf6 16. Bxf6 Bxf6 17. Nd4 Kg7 18. Bxe6 Kh8 19. Bxc8 Qxc8 20. Ne6 Re8 21. Qc4 Qd7 22. Nxc7 Rxe1+ 23. Rxe1 Rc8 24. Re6 Rxc7 25. Qe4 Bd4+ 26. Kh1 Rc8 27. Re7 Qd6 28. Re6 Qc5 29. c3 Bg7 30. b4 Qxc3 31. Re8+ Rxe8 32. Qxe8+ 1-0

[Event "FRA-ch Blitz Online Qual"]
[Site "Europe Echecs INT"]
[Date "2020.05.16"]
[Round "15"]
[White "Sabapathee, Florian"]
[Black "Lebrun, Elias"]
[Result "0-1"]
[WhiteElo "1444"]
[BlackElo "1880"]
[PlyCount "128"]
[EventDate "2020.05.16"]
[EventType "swiss (blitz)"]
[EventRounds "15"]
[EventCountry "FRA"]
[SourceTitle "CBM 196 Extra"]
[Source "ChessBase"]
[SourceDate "2020.07.31"]
[SourceVersion "1"]
[SourceVersionDate "2020.07.31"]
[SourceQuality "1"]

1. c4 Nf6 2. g3 e6 3. Bg2 d5 4. Nf3 dxc4 5. 0-0 Be7 6. Qa4+ Nc6 7. Qxc4 0-0 8. d4 a5 9. Nc3 Nb4 10. Bf4 c6 11. a3 Nbd5 12. Ne5 Nxf4 13. gxf4 Nd5 14. Nd3 Bd6 15. Nxd5 exd5 16. Qc1 Qf6 17. Qe3 Bf5 18. Ne5 Rfe8 19. Qg3 Qh6 20. Rac1 f6 21. Ng4 Bxg4 22. Qxg4 Qxf4 23. Qxf4 Bxf4 24. e3 Bd6 25. Bh3 Re7 26. Kh1 Kf7 27. Bf5 g6 28. Bd3 f5 29. Be2 Re4 30. Bf3 Rh4 31. Bg2 Bxh2 32. Bf3 Kf6 33. Kg2 Bd6 34. Rh1 Rxh1 35. Kxh1 h5 36. Kg2 Rh8 37. Rg1 g5 38. Be2 g4 39. f3 Re8 40. fxg4 hxg4 41. Rf1 Rxe3 42. Kf2 Rb3 43. Ke1 Rxb2 44. Bxg4 Rb1+ 45. Ke2 Rxf1 46. Kxf1 fxg4 47. Kf2 Kg5 48. Kg2 Kf4 49. Kf2 Ke4 50. Kf1 Kxd4 51. Kg1 Kc3 52. Kg2 Kb3 53. Kf2 Kxa3 54. Kf1 Kb3 55. Kg1 a4 56. Kg2 a3 57. Kf2 a2 58. Kf1 Kc3 59. Kg1 Kd3 60. Kg2 Ke3 61. Kg1 a1Q+ 62. Kg2 Qa2+ 63. Kg1 Qh2+ 64. Kf1 Qf2# 0-1

[Event "FRA-ch Blitz Online Qual"]
[Site "Europe Echecs INT"]
[Date "2020.05.16"]
[Round "3"]
[White "Sabapathee, Florian"]
[Black "Vine, Guillaume"]
[Result "0-1"]
[WhiteElo "1444"]
[BlackElo "1824"]
[PlyCount "106"]
[EventDate "2020.05.16"]
[EventType "swiss (blitz)"]
[EventRounds "15"]
[EventCountry "FRA"]
[SourceTitle "CBM 196 Extra"]
[Source "ChessBase"]
[SourceDate "2020.07.31"]
[SourceVersion "1"]
[SourceVersionDate "2020.07.31"]
[SourceQuality "1"]

1. e4 c6 2. d4 d5 3. Nc3 dxe4 4. Nxe4 Nf6 5. Bd3 Nbd7 6. Nf3 Nxe4 7. Bxe4 Nf6 8. Bd3 Bg4 9. Be3 e6 10. 0-0 Bd6 11. h3 Bh5 12. c4 0-0 13. a3 Qc7 14. b4 Rad8 15. Be2 Bg6 16. Nh4 Bf4 17. Nxg6 hxg6 18. g3 Bxg3 19. fxg3 Qxg3+ 20. Kh1 Qxh3+ 21. Kg1 Qxe3+ 22. Kh1 Qh3+ 23. Kg1 Ne4 24. Bf3 Qg3+ 25. Kh1 Nf2+ 26. Rxf2 Qxf2 27. Qe2 Qxe2 28. Bxe2 Rxd4 29. Kg2 Rfd8 30. Bf3 Rd2+ 31. Kg3 R8d3 32. b5 e5 33. Kg4 f5+ 34. Kg3 e4 35. Rf1 Rxf3+ 36. Rxf3 exf3 37. Kxf3 Rd3+ 38. Ke2 Rxa3 39. bxc6 bxc6 40. c5 Rc3 41. Kd2 Rxc5 42. Kd3 Rb5 43. Kd2 a5 44. Kd3 a4 45. Kd2 a3 46. Kd3 a2 47. Kd2 a1R 48. Kd3 Ra4 49. Kd2 Rb3 50. Kc2 Rg3 51. Kb2 Rh4 52. Kc2 Rh2+ 53. Kd1 Rg1# 0-1